|
|
|
|
| LEADER |
00000cam a2200000 7i4500 |
| 001 |
0000003909 |
| 005 |
20110928.0 |
| 020 |
0 |
0 |
|a 9789675221262
|
| 090 |
0 |
0 |
|a 615.321
|b SEM 2008
|
| 111 |
1 |
|
|a Seminar on Medicinal Plants
|d 2008
|c Kuala Lumpur
|
| 245 |
1 |
0 |
|a Herbal globalisation :
|b new paradigm for Malaysia herbal industry: proceedings of the Seminar on Medicinal and Aromatics Plants (MAPS 2008), 21-22 October 2008, Kuala Lumpur
|c edited by Chang Yu Shyun...[et al.]
|
| 260 |
0 |
0 |
|a Kuala Lumpur :
|b Institut Penyelidikan Perhutanan Malaysia ,
|c 2009
|
| 300 |
|
|
|a xii, 476 p. :
|b ill. ;
|c 26 cm.
|
| 500 |
0 |
0 |
|a Includes bibliographical references
|
| 650 |
0 |
0 |
|a Aromatic plants---Malaysia---Congresses
|
| 650 |
0 |
0 |
|a Herb industry---Malaysia---Congresses
|
| 650 |
0 |
0 |
|a Medicinal plants---Malaysia---Congresses
|
| 700 |
0 |
1 |
|a Chang, Yu Shyun
|
| 700 |
0 |
1 |
|a Hada Masayu Ismail@Dahlan
|
| 700 |
0 |
1 |
|a Saiful Azmi Johari
|
| 700 |
0 |
1 |
|a Vimala Subramaniam
|
| 998 |
|
|
|a JPSM
|
| 999 |
|
|
|a 007685
|b Monograph
|c Open Shelf
|e Default branch
|